Εισαγωγή εις την Βυζαντινήν φιλολογίαν
Αποθηκεύτηκε σε:
| Κύριος συγγραφέας: | |
|---|---|
| Μορφή: | Βιβλίο |
| Γλώσσα: | Greek |
| Δημοσίευση: |
Αθήναι :
Τυπογραφείον Μηνά Μυρτίδη,
1952
|
| Θέματα: | |
| Ετικέτες: |
Προσθήκη ετικέτας
Δεν υπάρχουν, Καταχωρήστε ετικέτα πρώτοι!
|
MARC
| LEADER | 00000cam a2200000 i 4500 | ||
|---|---|---|---|
| 001 | 1/19817 | ||
| 008 | 120522s1952 gre d | ||
| 035 | |l 10112568 | ||
| 040 | |a GR-MY-UA |b gre |e aacr | ||
| 041 | 0 | |a gre | |
| 082 | 0 | |a 880 |2 (22) | |
| 100 | 1 | |a Τωμαδάκης, Νικόλαος Β. |d 1907-1993. | |
| 245 | 1 | 0 | |a Εισαγωγή εις την Βυζαντινήν φιλολογίαν / |c Νικόλαος Β. Τωμαδάκης |
| 260 | |a Αθήναι : |b Τυπογραφείον Μηνά Μυρτίδη, |c 1952 | ||
| 300 | |a [272] σ.; |c 25 εκ. | ||
| 504 | |a Περιέχει βιβλιογραφικές παραπομπές και ευρετήριο | ||
| 650 | 0 | 0 | |a Greek philology. |
| 650 | 0 | 0 | |a Greek literature |x History and criticism. |
| 650 | 0 | 0 | |a Byzantine prose literature |x History and criticism. |
| 650 | 0 | 0 | |a Byzantine poetry |x Criticism, Textual. |
| 852 | |a INST |b RHODES |c AKA |e 20120522 |h 880 ΤΩΜ |p 005400032080 |q 005400032080 |t BK |y 0 | ||
| 901 | |a BIBL4-2012-2 | ||
| 909 | |a Ρ |b 157152 | ||
| 970 | |z 2012/05/22 | ||